| 000 | 00369nam a22001457a 4500 | ||
|---|---|---|---|
| 020 | _a9788185211893 | ||
| 082 |
_a551.6 _bGAN/AG |
||
| 100 | _aGanesaraja,V | ||
| 245 | _aAgro climatology: principles and predictions | ||
| 260 |
_aNew Delhi _bAssociated Publishing Comany _c2011 |
||
| 300 | _a90p | ||
| 700 | _aVeeraputhiran, R | ||
| 700 | _aPaulpandi,V.K | ||
| 942 | _cBK | ||
| 999 |
_c13801 _d13801 |
||